000 00285nam a22001337a 4500
008 181101b xxu||||| |||| 00| 0 eng d
020 _a9781585421466
041 _aeng
080 _a710
100 _a47
101 _aART
245 _aThe Artist Way
_cJulia.C
942 _2udc
_cBK
999 _c51514
_d51514